[Event "MNE-ch (Women)"]
[Site "Podgorica"]
[Date "2023.12.03"]
[Round "7"]
[White "Bogachkova, Alena"]
[Black "Ivanovic, Tara"]
[Result "1-0"]
[WhiteElo "2115"]
[BlackElo "1575"]
[PlyCount "71"]
[EventDate "2023.11.29"]
[EventType "swiss"]
[EventRounds "7"]
[EventCountry "MNE"]
[SourceTitle "CB50_2023"]
[SourceDate "2023.12.13"]
[SourceVersion "1"]
[SourceVersionDate "2023.12.13"]
[SourceQuality "1"]

1. e4 e5 2. Nf3 Nc6 3. Bb5 a6 4. Ba4 Nf6 5. 0-0 Be7 6. Re1 b5 7. Bb3 d6 8. c3 0-0 9. h3 Nb8 10. d4 Nbd7 11. Nbd2 Bb7 12. Bc2 Re8 13. Nf1 Bf8 14. Ng3 g6 15. a4 Bg7 16. Bd3 c6 17. Bg5 h6 18. Be3 d5 19. dxe5 Nxe5 20. Nxe5 Rxe5 21. Bd4 Re6 22. e5 Nd7 23. f4 c5 24. Bf2 c4 25. Bc2 f5 26. Ne2 Re8 27. Nd4 b4 28. cxb4 Bf8 29. g4 Bxb4 30. Re3 Bc5 31. gxf5 Bxd4 32. Qxd4 Qb6 33. Rg3 Qxd4 34. Rxg6+ Kf7 35. Bxd4 Nf8 36. Rxh6 1-0

[Event "EU-ch (Women) 23rd"]
[Site "Petrovac"]
[Date "2023.03.29"]
[Round "11"]
[White "Petrova, Irina"]
[Black "Bogachkova, Alena"]
[Result "1/2-1/2"]
[WhiteElo "2123"]
[BlackElo "2032"]
[PlyCount "112"]
[EventDate "2023.03.18"]
[EventType "swiss"]
[EventRounds "11"]
[EventCountry "MNE"]
[SourceTitle "CBM 213 Extra"]
[Source "ChessBase"]
[SourceDate "2023.05.31"]
[SourceVersion "1"]
[SourceVersionDate "2023.05.31"]
[SourceQuality "1"]

1. e4 c5 2. Nf3 e6 3. g3 Nc6 4. Bg2 Nf6 5. d3 d5 6. e5 Nd7 7. Qe2 Qc7 8. Bf4 Be7 9. 0-0 h6 10. h4 g5 11. hxg5 hxg5 12. Nxg5 Ndxe5 13. Nc3 f6 14. Nf3 a6 15. Rfe1 Bd6 16. Nxe5 fxe5 17. Bg5 Qg7 18. Qd2 Bd7 19. Na4 Rh5 20. Nb6 Qxg5 21. Qxg5 Rxg5 22. Nxa8 Nd4 23. Rac1 Bc6 24. c4 b5 25. Nb6 bxc4 26. dxc4 e4 27. b3 Bc7 28. Na4 Bxa4 29. bxa4 Ba5 30. Re3 Bd2 31. Rce1 Bxe1 32. Rxe1 Kd7 33. Rb1 Nf3+ 34. Bxf3 exf3 35. Rb3 Rg4 36. cxd5 exd5 37. Rxf3 Rxa4 38. a3 d4 39. Kf1 c4 40. Ke2 d3+ 41. Kd2 Rxa3 42. Rf4 Ra2+ 43. Kd1 Rc2 44. g4 Ke6 45. g5 Ke5 46. g6 c3 47. Rc4 Rxf2 48. Rxc3 Kd4 49. Rc6 a5 50. Rd6+ Kc3 51. Rc6+ Kb4 52. Rb6+ Kc5 53. Ra6 Kb5 54. Rd6 Kc4 55. Rc6+ Kd5 56. Ra6 Rg2 1/2-1/2

[Event "EU-ch (Women) 23rd"]
[Site "Petrovac"]
[Date "2023.03.26"]
[Round "8"]
[White "Zhezhovska, Monika"]
[Black "Bogachkova, Alena"]
[Result "0-1"]
[WhiteElo "1761"]
[BlackElo "2032"]
[PlyCount "74"]
[EventDate "2023.03.18"]
[EventType "swiss"]
[EventRounds "11"]
[EventCountry "MNE"]
[SourceTitle "CBM 213 Extra"]
[Source "ChessBase"]
[SourceDate "2023.05.31"]
[SourceVersion "1"]
[SourceVersionDate "2023.05.31"]
[SourceQuality "1"]

1. d4 d6 2. c4 g6 3. Nc3 Bg7 4. g3 e5 5. d5 f5 6. e4 Nf6 7. Bg2 0-0 8. Nf3 h6 9. 0-0 Kh7 10. Re1 a5 11. b3 Na6 12. Bb2 Nc5 13. Nd2 Nd3 14. Qc2 Nxe1 15. Rxe1 f4 16. Ne2 g5 17. gxf4 gxf4 18. Nxf4 Ng4 19. Nh3 Qh4 20. Nf1 Nxh2 21. Nxh2 Bxh3 22. Bxh3 Qxh3 23. Re3 Qh5 24. Rg3 Rf4 25. Bc1 Rh4 26. f3 Rh3 27. Rg2 Bf6 28. Be3 b6 29. Qe2 Rf8 30. Rg4 Bg5 31. Bxg5 hxg5 32. Qg2 Kg6 33. a3 Rxh2 34. Qxh2 Qxh2+ 35. Kxh2 Rxf3 36. Rg3 Rxg3 37. Kxg3 Kh5 0-1

[Event "EU-ch (Women) 23rd"]
[Site "Petrovac"]
[Date "2023.03.23"]
[Round "6"]
[White "Bogachkova, Alena"]
[Black "Lach, Aleksandra"]
[Result "0-1"]
[WhiteElo "2032"]
[BlackElo "2170"]
[PlyCount "126"]
[EventDate "2023.03.18"]
[EventType "swiss"]
[EventRounds "11"]
[EventCountry "MNE"]
[SourceTitle "CBM 213 Extra"]
[Source "ChessBase"]
[SourceDate "2023.05.31"]
[SourceVersion "1"]
[SourceVersionDate "2023.05.31"]
[SourceQuality "1"]

1. e4 c6 2. d4 d5 3. e5 Bf5 4. Nd2 e6 5. Nb3 a6 6. Nf3 c5 7. dxc5 Bxc5 8. Nxc5 Qa5+ 9. c3 Qxc5 10. Nd4 Ne7 11. h4 h6 12. Be2 Nd7 13. Qa4 Qc8 14. Bf4 Be4 15. h5 Nc6 16. Rh3 b5 17. Qa3 Ncxe5 18. Rg3 g5 19. hxg6 Nxg6 20. Bd6 e5 21. Nf3 Qc6 22. Rd1 0-0-0 23. Nd2 Nf6 24. Bc5 Rhe8 25. b4 Bc2 26. Rc1 Ba4 27. Qb2 Nf4 28. Rg7 Nxe2 29. Kxe2 Qe6 30. Nf3 Nh5 31. Rg3 Nxg3+ 32. fxg3 Qg4 33. Kf2 Rg8 34. Kf1 Qxg3 35. Re1 e4 36. Ng1 Rg6 37. Qd2 Rf6+ 38. Bf2 Rg8 39. Qd4 Qxg2+ 40. Ke2 Qg4+ 41. Kd2 Rc6 42. Ne2 Qg5+ 43. Be3 Qf6 44. Qa7 Rg2 45. Qa8+ Kd7 46. Qb7+ Ke8 47. Qa8+ Ke7 48. Qb7+ Kd8 49. Qa8+ Rc8 50. Qxd5+ Ke8 51. Qxe4+ Qe6 52. Qxg2 Qxa2+ 53. Kd3 Bc2+ 54. Kd4 Qe6 55. Qg8+ Kd7 56. Qxc8+ Kxc8 57. Bf4 Qe4+ 58. Kc5 Kb7 59. Bg3 Qc4+ 60. Kd6 Qe6+ 61. Kc5 Qe3+ 62. Nd4 Qxc3+ 63. Kd5 Bb3+ 0-1

[Event "RUS-chT2"]
[Site "Sochi"]
[Date "2022.05.01"]
[Round "1.1"]
[White "Bogachkova, Alena"]
[Black "Kezin, Roman"]
[Result "0-1"]
[WhiteElo "2091"]
[BlackElo "2510"]
[PlyCount "94"]
[EventDate "2022.05.01"]
[EventType "team-swiss"]
[EventRounds "9"]
[EventCountry "RUS"]
[SourceTitle "CBM 208 Extra"]
[Source "ChessBase"]
[SourceDate "2022.07.31"]
[SourceVersion "1"]
[SourceVersionDate "2022.07.31"]
[SourceQuality "1"]
[WhiteTeam "Moscow MGU Lawyers"]
[BlackTeam "Novosibirsk Region"]
[WhiteTeamCountry "RUS"]
[BlackTeamCountry "RUS"]

1. e4 c5 2. Nf3 e6 3. d4 cxd4 4. Nxd4 Nc6 5. Nc3 Qc7 6. f4 Nxd4 7. Qxd4 b6 8. Bd2 Bb7 9. Nb5 Qc6 10. Bb4 Nf6 11. Bxf8 Kxf8 12. e5 Qe4+ 13. Qxe4 Nxe4 14. Rd1 Ke7 15. Be2 a6 16. Nd6 Nxd6 17. Rxd6 Bxg2 18. Rg1 Be4 19. Bd3 Bc6 20. Rxg7 Rag8 21. Rg3 h5 22. Bxa6 Ra8 23. Bc4 Ra4 24. b3 Rxa2 25. Kd2 Ra1 26. f5 Ra5 27. f6+ Kd8 28. Rg5 h4 29. Rd4 h3 30. Rdg4 Kc7 31. b4 Ra1 32. Rg1 Rxg1 33. Rxg1 Bg2 34. Be2 Rh4 35. Ke3 Re4+ 36. Kf2 Rxe5 37. Bd3 Rh5 38. Ra1 Rh6 39. Ra7+ Kd6 40. Bb5 Rxf6+ 41. Kg3 Rf3+ 42. Kg4 f5+ 43. Kg5 Ke5 44. Rxd7 Rf2 45. c4 Be4 46. Re7 Rxh2 47. Kh4 Rh1 0-1

[Event "Novi Sad TS 222nd"]
[Site "Novi Sad"]
[Date "2021.11.20"]
[Round "8.1"]
[White "Bogachkova, Alena"]
[Black "Poprzen, Miroslav"]
[Result "1-0"]
[WhiteElo "2055"]
[BlackElo "1914"]
[PlyCount "43"]
[EventDate "2021.11.16"]
[EventType "schev"]
[EventRounds "10"]
[EventCountry "SRB"]
[SourceTitle "EXT 2023"]
[Source "ChessBase"]
[SourceDate "2022.10.05"]
[SourceVersion "1"]
[SourceVersionDate "2022.10.05"]
[SourceQuality "1"]
[WhiteTeam "Team B"]
[BlackTeam "Team A"]
[WhiteTeamCountry "SRB"]
[BlackTeamCountry "SRB"]

1. e4 b6 2. d4 Bb7 3. Nc3 e6 4. Bd3 Nf6 5. Nge2 c5 6. 0-0 d5 7. Bb5+ Nc6 8. exd5 exd5 9. Bg5 Be7 10. dxc5 bxc5 11. Bxf6 Bxf6 12. Qxd5 Qxd5 13. Nxd5 0-0-0 14. Nxf6 gxf6 15. Rfd1 Rdg8 16. f3 Ne5 17. Kf2 h5 18. Rd6 h4 19. Ba6 h3 20. Bxb7+ Kxb7 21. g3 Rd8 22. Rxf6 1-0

[Event "Novi Sad TS 222nd"]
[Site "Novi Sad"]
[Date "2021.11.19"]
[Round "6.1"]
[White "Bogachkova, Alena"]
[Black "Dokic, Zoran"]
[Result "0-1"]
[WhiteElo "2055"]
[BlackElo "1996"]
[PlyCount "38"]
[EventDate "2021.11.16"]
[EventType "schev"]
[EventRounds "10"]
[EventCountry "SRB"]
[SourceTitle "EXT 2023"]
[Source "ChessBase"]
[SourceDate "2022.10.05"]
[SourceVersion "1"]
[SourceVersionDate "2022.10.05"]
[SourceQuality "1"]
[WhiteTeam "Team B"]
[BlackTeam "Team A"]
[WhiteTeamCountry "SRB"]
[BlackTeamCountry "SRB"]

1. e4 c6 2. d4 d5 3. e5 Bf5 4. h4 h5 5. c4 dxc4 6. Bxc4 e6 7. Ne2 Ne7 8. Nbc3 b5 9. Bb3 b4 10. Nb1 Be4 11. 0-0 Nf5 12. Bg5 Be7 13. Nd2 Bxg5 14. hxg5 Bxg2 15. Kxg2 Qxg5+ 16. Kh2 Qh4+ 17. Kg2 Rh6 18. Ng3 Rg6 19. Nf3 Ne3+ 0-1

[Event "Novi Sad TS 222nd"]
[Site "Novi Sad"]
[Date "2021.11.17"]
[Round "2.1"]
[White "Bogachkova, Alena"]
[Black "Knezevic, Milorad J"]
[Result "1-0"]
[WhiteElo "2055"]
[BlackElo "2146"]
[PlyCount "59"]
[EventDate "2021.11.16"]
[EventType "schev"]
[EventRounds "10"]
[EventCountry "SRB"]
[SourceTitle "EXT 2023"]
[Source "ChessBase"]
[SourceDate "2022.10.05"]
[SourceVersion "1"]
[SourceVersionDate "2022.10.05"]
[SourceQuality "1"]
[WhiteTeam "Team B"]
[BlackTeam "Team A"]
[WhiteTeamCountry "SRB"]
[BlackTeamCountry "SRB"]

1. e4 e6 2. d4 d5 3. Nc3 dxe4 4. Nxe4 Nf6 5. Bd3 Nxe4 6. Bxe4 c5 7. Nf3 cxd4 8. Qxd4 Qxd4 9. Nxd4 a6 10. Be3 Be7 11. f4 0-0 12. c3 Bc5 13. Ke2 Bxd4 14. Bxd4 Nc6 15. Bb6 f5 16. Bf3 e5 17. fxe5 Nxe5 18. Bd5+ Kh8 19. Rae1 Nc6 20. Kd2 Bd7 21. a4 Rfe8 22. a5 Rxe1 23. Rxe1 Re8 24. Rxe8+ Bxe8 25. Kd3 h6 26. Be6 Nb8 27. Bxf5 Bc6 28. Be4 Kg8 29. Bc7 Bb5+ 30. c4 1-0

[Event "RUS-ch blitz (Women)"]
[Site "Sochi"]
[Date "2019.10.17"]
[Round "2"]
[White "Bogachkova, Alena"]
[Black "Maltsevskaya, Aleksandra"]
[Result "0-1"]
[WhiteElo "2060"]
[BlackElo "2333"]
[PlyCount "42"]
[EventDate "2019.10.17"]
[EventType "swiss (blitz)"]
[EventRounds "15"]
[EventCountry "RUS"]
[SourceTitle "CBM 192 Extra"]
[Source "Chessbase"]
[SourceDate "2019.11.06"]
[SourceVersion "1"]
[SourceVersionDate "2019.11.06"]
[SourceQuality "1"]

1. e4 c5 2. Ne2 Nc6 3. Nbc3 e6 4. d4 cxd4 5. Nxd4 Nf6 6. Be3 Bb4 7. Bd3 d5 8. Nxc6 bxc6 9. e5 Nd7 10. Bf4 Qc7 11. Qe2 d4 12. a3 Qa5 13. 0-0 dxc3 14. axb4 Qxb4 15. Qg4 cxb2 16. Rae1 g6 17. Qg3 a5 18. c4 a4 19. Rb1 a3 20. Bc1 bxc1Q 21. Rxb4 Qc3 0-1

[Event "Eurasia Cup op"]
[Site "Ekaterinburg"]
[Date "2019.08.06"]
[Round "6"]
[White "Semenova, Elena"]
[Black "Bogachkova, Alena"]
[Result "1-0"]
[WhiteElo "2286"]
[BlackElo "2085"]
[PlyCount "71"]
[EventDate "2019.07.31"]
[EventType "swiss"]
[EventRounds "9"]
[EventCountry "RUS"]
[SourceTitle "CBM 191 Extra"]
[Source "ChessBase"]
[SourceDate "2019.09.30"]
[SourceVersion "1"]
[SourceVersionDate "2019.09.30"]
[SourceQuality "1"]

1. e4 c5 2. Nf3 Nc6 3. Bb5 g6 4. Bxc6 dxc6 5. d3 Bg7 6. h3 Nf6 7. Nc3 0-0 8. Bf4 Ne8 9. Qd2 Nc7 10. Bh6 f6 11. Bxg7 Kxg7 12. a3 e5 13. 0-0 Ne6 14. b4 Nd4 15. Nh2 Qd6 16. Na4 cxb4 17. axb4 Qc7 18. Ra3 b6 19. c3 Ne6 20. Ng4 Nf4 21. Ne3 Rd8 22. Nb2 Be6 23. Rfa1 Rd7 24. Qc2 Qd8 25. Ra6 f5 26. exf5 gxf5 27. Nbc4 Bxc4 28. dxc4 Qg5 29. Qxf5 Qxf5 30. Nxf5+ Kg6 31. Ng3 Rd3 32. R1a3 h5 33. h4 Rd1+ 34. Kh2 Rad8 35. Rxa7 Rc1 36. Rc7 1-0

[Event "Eurasia Cup op"]
[Site "Ekaterinburg"]
[Date "2019.07.31"]
[Round "1"]
[White "Bogachkova, Alena"]
[Black "Kunin, Vitaly L"]
[Result "0-1"]
[WhiteElo "2062"]
[BlackElo "2527"]
[PlyCount "66"]
[EventDate "2019.07.31"]
[EventType "swiss"]
[EventRounds "9"]
[EventCountry "RUS"]
[SourceTitle "CBM 191 Extra"]
[Source "ChessBase"]
[SourceDate "2019.09.30"]
[SourceVersion "1"]
[SourceVersionDate "2019.09.30"]
[SourceQuality "1"]

1. e4 d6 2. d4 Nf6 3. Nc3 Nbd7 4. Nf3 e5 5. g3 c6 6. a4 Be7 7. Bg2 0-0 8. h3 d5 9. Nxe5 Nxe4 10. Nxe4 dxe4 11. Nxd7 Bxd7 12. Bxe4 Bb4+ 13. Kf1 Re8 14. Qd3 g6 15. c3 Bd6 16. Bd2 Be6 17. Kg2 Qd7 18. h4 f5 19. Bf3 Qf7 20. h5 Bc4 21. hxg6 hxg6 22. Qb1 Be2 23. Qa2 Bc4 24. Qb1 Be2 25. Qa2 Bxf3+ 26. Kxf3 Re6 27. Bf4 Bxf4 28. gxf4 Rae8 29. Qa3 Kg7 30. Rh4 Re1 31. Rxe1 Qd5+ 32. Kg3 Rxe1 33. Rh2 Rg1+ 0-1

[Event "Voronezh op-A 23rd"]
[Site "Voronezh"]
[Date "2019.06.13"]
[Round "2"]
[White "Bogachkova, Alena"]
[Black "Tologontegin, Semetey"]
[Result "0-1"]
[WhiteElo "2114"]
[BlackElo "2386"]
[PlyCount "70"]
[EventDate "2019.06.12"]
[EventType "swiss"]
[EventRounds "9"]
[EventCountry "RUS"]
[SourceTitle "EXT 2020"]
[Source "ChessBase"]
[SourceDate "2019.10.17"]
[SourceVersion "1"]
[SourceVersionDate "2019.10.17"]
[SourceQuality "1"]

1. e4 c5 2. Nf3 Nc6 3. d4 cxd4 4. Nxd4 Nf6 5. Nc3 e5 6. Ndb5 d6 7. Bg5 a6 8. Na3 b5 9. Nd5 Be7 10. Bxf6 Bxf6 11. c3 0-0 12. Nc2 Rb8 13. b3 Bg5 14. a4 bxa4 15. Rxa4 a5 16. Bc4 Kh8 17. Nce3 g6 18. 0-0 f5 19. exf5 gxf5 20. f4 exf4 21. Nc2 Bd7 22. Nxf4 Qb6+ 23. Kh1 Ne5 24. Ra1 Nxc4 25. bxc4 a4 26. Nd5 Qd8 27. Qd4+ Bf6 28. Nxf6 Qxf6 29. Qa7 Bc6 30. Nd4 Bxg2+ 31. Kxg2 Rb2+ 32. Kh1 Rxh2+ 33. Kxh2 Qh4+ 34. Kg2 Rg8+ 35. Kf3 Qe4+ 0-1

[Event "RUS-chT2"]
[Site "Sochi"]
[Date "2019.05.07"]
[Round "6.2"]
[White "Bogachkova, Alena"]
[Black "Tenikashvili, Georgij"]
[Result "1-0"]
[WhiteElo "2141"]
[BlackElo "2361"]
[PlyCount "115"]
[EventDate "2019.05.01"]
[EventType "team-swiss"]
[EventRounds "9"]
[EventCountry "RUS"]
[SourceTitle "CBM 190 Extra"]
[Source "ChessBase"]
[SourceDate "2019.07.15"]
[SourceVersion "1"]
[SourceVersionDate "2019.07.15"]
[SourceQuality "1"]
[WhiteTeam "Moscow Law Faculty"]
[BlackTeam "Alania RNO"]
[WhiteTeamCountry "RUS"]
[BlackTeamCountry "RUS"]

1. e4 c6 2. d4 d5 3. e5 Bf5 4. h4 h5 5. c4 e6 6. Nc3 dxc4 7. Bxc4 Nd7 8. Nge2 Nb6 9. Bb3 Be7 10. Bf4 Bxh4 11. Ng3 Bxg3 12. Bxg3 Bg6 13. Bh4 Ne7 14. Qd2 Qd7 15. Rd1 a5 16. Bg5 Ned5 17. Qe2 Nxc3 18. bxc3 a4 19. Bc2 Bxc2 20. Qxc2 Qd5 21. f3 Kd7 22. Qb2 Ra6 23. Qb4 f6 24. exf6 gxf6 25. Bxf6 Re8 26. Be5 Kc8 27. Rxh5 Nd7 28. Rh7 c5 29. Qb2 Rb6 30. Qa3 Nxe5 31. dxe5 Qxe5+ 32. Kf1 Rd8 33. Qc1 Qf5 34. Rxd8+ Kxd8 35. Qd1+ Kc8 36. Rh8+ Kc7 37. Qd8+ Kc6 38. Qe8+ Kd5 39. Rh5 Rb1+ 40. Kf2 Rb2+ 41. Kg3 Qxh5 42. Qxh5+ Kc4 43. Qg4+ Kxc3 44. Qxa4 c4 45. Kf4 b5 46. Qa5+ Kc2 47. g4 c3 48. g5 b4 49. Qa7 Kb1 50. Qg1+ Kxa2 51. g6 c2 52. g7 Rb1 53. Qf2 Kb3 54. Qe3+ Ka4 55. g8Q c1Q 56. Qa8+ Kb5 57. Qb7+ Ka5 58. Qbb6+ 1-0